En las arenas de Homero = Etie ammoyaiee toy omhpoy / (Record no. 22448)

000 -CABECERA
fixed length control field 00808nam a22002297a 4500
003 - IDENTIFICADOR DEL NÚMERO DE CONTROL
control field AR-CdUCM
008 - DATOS DE LONGITUD FIJA--INFORMACIÓN GENERAL
fixed length control field 190227b ||||| |||| 00| 0 spa d
020 ## - NÚMERO INTERNACIONAL ESTÁNDAR DEL LIBRO
ISBN 9786124807152
040 ## - FUENTE DE LA CATALOGACIÓN
Agencia/entidad que catalogó originalmente la obra MUNICIPALIDAD PROVINCIAL DEL CUSCO
Entidad que transcribió la catalogación BIBLIOTECA MUNICIPAL DEL CUSCO
082 ## - NÚMERO DE LA CLASIFICACIÓN DECIMAL DEWEY
No. de Clasificación 868.56/M2617E
Notacion interna M2617E
No. de la edición Tercera edición
100 ## - ENTRADA PRINCIPAL--NOMBRE DE PERSONA
Nombre Personal Martos, Marco
245 ## - MENCIÓN DE TÍTULO
Título En las arenas de Homero = Etie ammoyaiee toy omhpoy /
Mención de responsabilidad Marco Martos ; traducción al griego IIvuatto Kaiiatoo
260 ## - PUBLICACIÓN, DISTRIBUCIÓN, ETC.
Lugar de publicación, distribución, etc. Huanuco :
Nombre de la editorial, distribuidor, etc. Ediciones Condorpasa,
Fecha de publicación, distribución, etc. 2019.
300 ## - DESCRIPCIÓN FÍSICA
Nº de Páginas Extensión 69 páginas. :
Dimensiones 21 cm.
650 ## - PUNTO DE ACCESO ADICIONAL DE MATERIA--TÉRMINO DE MATERIA
Descriptor Poesía
9 (RLIN) 48221
650 ## - PUNTO DE ACCESO ADICIONAL DE MATERIA--TÉRMINO DE MATERIA
Descriptor Poesías peruanas
9 (RLIN) 48222
650 ## - PUNTO DE ACCESO ADICIONAL DE MATERIA--TÉRMINO DE MATERIA
Descriptor Literatura peruana
9 (RLIN) 169
700 ## - PUNTO DE ACCESO ADICIONAL--NOMBRE DE PERSONA
Nombre Personal Kammatoo, IIvao
Término de relación traductor
9 (RLIN) 48223
942 ## - ELEMENTOS DE PUNTO DE ACCESO ADICIONAL (KOHA)
Fuente de clasificación
Tipo de item Libros-BMC
945 ## - PROCESAMIENTO DE INFORMACIÓN LOCAL (OCLC)
Catalogador rac
Holdings
Estado de retiro (separado) Fuente de clasificación o esquema de estanterías Estado dañado Ubicación Sala donde se ubica Nombre de la colección Fecha de adquisición o compra Costo, precio normal en soles Signatura topográfica Código de Barras Última vez visto (Koha) Tipo de ítem (Koha) Fuente de adquisición
No     Sala Humanidades Sala Humanidades Book Cart 2022-08-23 25.00 868.56/M2617E SH0000016339 2022-08-23 Libros-BMC  
No     Sala Humanidades Sala Humanidades Book Cart 2022-08-23 25.00 868.56/M2617E/e.2 SH0000016340 2022-08-23 Libros-BMC Donación

Powered by Koha